Statistics for 二十四节气 24 solar terms

Click here to take the quiz!

General Stats

  • This quiz has been taken 23 times
  • The average score is 25 of 28

Answer Stats

季节节气% Correct
立春
100%
立秋
95%
惊蛰
95%
春分
95%
清明
95%
谷雨
95%
立夏
95%
小暑
95%
大暑
95%
霜降
91%
秋分
91%
雨水
91%
夏至
91%
小寒
91%
芒种
91%
大寒
91%
立冬
91%
大雪
86%
冬至
86%
白露
86%
小雪
86%
处暑
86%
小满
86%
二十四节气歌春雨惊春清谷天
77%
二十四节气歌秋处露秋寒霜降
77%
二十四节气歌冬雪雪冬小大寒
77%
寒露
73%
二十四节气歌夏满芒夏暑相连
73%

Score Distribution

Percentile by Number Answered

Percent of People with Each Score

Your Score History

You have not taken this quiz